Top 25 Trading Partners - Spain - Statistics

General Stats
  • This quiz has been taken 53 times
  • The average score is 45 of 50
Answer Stats
Hint Answer % Correct
1st Place: 51,344 France
98%
2nd Place: 40,958 France
98%
2nd Place: 36,264 Germany
98%
1st Place: 47,537 Germany
98%
4th Place: 25,172 Portugal
98%
7th Place: 13,794 Portugal
98%
5th Place: 21,961 United Kingdom
98%
8th Place: 13,607 United Kingdom
98%
3rd Place: 26,987 Italy
96%
4th Place: 25,030 Italy
96%
7th Place: 12,025 Netherlands
96%
6th Place: 15,353 Netherlands
96%
10th Place: 7,420 China
94%
3rd Place: 31,797 China
94%
13th Place: 5,393 Mexico
94%
15th Place: 5,587 Mexico
94%
24th Place: 2,394 Russia
94%
24th Place: 3,578 Russia
94%
25th Place: 2,375 South Korea
94%
23th Place: 3,699 South Korea
94%
22nd Place: 2,644 Sweden
94%
25th Place: 3,494 Sweden
94%
15th Place: 3,995 Algeria
92%
16th Place: 5,513 Algeria
92%
8th Place: 9,878 Belgium
92%
9th Place: 8,761 Belgium
92%
19th Place: 2,838 Greece
92%
11th Place: 6,634 Poland
92%
13th Place: 6,450 Poland
92%
14th Place: 4,962 Switzerland
92%
19th Place: 4,974 Switzerland
92%
6th Place: 15,113 United States of America
92%
5th Place: 15,565 United States of America
92%
17th Place: 2,863 Brazil
90%
14th Place: 5,710 Brazil
90%
21st Place: 4,742 India
90%
16th Place: 2,989 Japan
90%
20th Place: 4,883 Japan
90%
9th Place: 9,724 Morocco
88%
11th Place: 7,912 Morocco
88%
12th Place: 5,705 Turkey
88%
10th Place: 8,409 Turkey
88%
21st Place: 2,730 Austria
82%
23rd Place: 2,594 Romania
73%
18th Place: 2,841 Czech Republic
71%
18th Place: 5,067 Czech Republic
71%
20th Place: 2,763 Saudi Arabia
69%
17th Place: 5,478 Saudi Arabia
69%
12th Place: 6,653 Nigeria
51%
22nd Place: 4,029 Libya
47%
No matching quizzes found
Score Distribution
Percent of People with Each Score
Percentile by Number Answered
Your Score History
You have not taken this quiz